000 00511nam a2200181Ia 4500
008 191130s1937##################000#0#eng##
020 _a9780406850065
040 _aACL
_cACL
082 _a348.4204 BUR
245 _aThe all England law reports 1937
_cedited by Roland Burrows
260 _aLondon
_bButterworth & Co
_c1937
300 _a856 p.; 23 cm.
650 _aLaw- Reports
700 _aBurrows, Roland
990 _aeecb4ccaac10000c5172abfdb649f7e5
991 _a379406
999 _c292575
_d292575